000 00579nam a2200193 a 4500
001 000045247
005 20201002050013.0
008 150216s2012 dr a 000 j spa d
020 _a9789945006933
040 _aDO-SdBNP
_bspa
_cBNPHU
082 _axxxx
_bxxxx
100 1 _aDamirón, Anya
_943024
245 1 3 _aLa fábrica de santa /
_cAnya Damirón ; ilustrado por Pablo Pino.
260 _a[Santo Domingo] :
_bLucia'Stories,
_c2012.
300 _a[26] p. :
_bil. ;
_c20 cm.
490 1 _aLucia'Stories
700 1 _aPino, Pablo,
_eil.
_972370
830 0 _aLucia'Stories
_973274
999 _c44736
_d44736